Most Profitable Sports Teams in the World - Statistics

General Stats
  • This quiz has been taken 145 times
  • The average score is 13 of 25
Answer Stats
Income over last 3 years (in millions) Answer League % Correct
$333 Los Angeles Lakers NBA
79%
$1,171 Dallas Cowboys NFL
75%
$403 Manchester United EPL
69%
$623 New England Patriots NFL
69%
$329 Manchester City EPL
64%
$333 New York Giants NFL
62%
$235 Bayern Munich Bundesliga
57%
$269 Boston Celtics NBA
57%
$253 New York Jets NFL
55%
$260 Miami Dolphins NFL
54%
$404 New York Knicks NBA
54%
$348 Golden State Warriors NBA
53%
$295 Liverpool EPL
52%
$288 Chicago Bulls NBA
51%
$318 Los Angeles Rams NFL
51%
$239 Philadelphia Eagles NFL
47%
$288 Chicago Bears NFL
46%
$414 Tottenham Hotspur EPL
44%
$266 Denver Broncos NFL
41%
$245 Pittsburgh Steelers NFL
41%
$356 Houston Texans NFL
38%
$282 Dallas Mavericks NBA
33%
$290 Washington Commanders NFL
33%
$240 Houston Rockets NBA
29%
$281 Jacksonville Jaguars NFL
20%
No matching quizzes found
Score Distribution
Percent of People with Each Score
Percentile by Number Answered
Your Score History
You have not taken this quiz